000 00305nam a22001217a 4500
008 160613b xxu||||| |||| 00| 0 eng d
020 _a9780805393668
020 _a0805393668
041 _aeng
080 _a618.2
245 _aNursing process a kritikall approach:
_cJudith M. Wilkinson;
942 _2udc
_cBK
999 _c2453
_d2453